000 00363nam a2200133 4500
005 20260119123124.0
008 260119b |||||||| |||| 00| 0 eng d
020 _a9789352691081
100 _aGautam Anju
245 _aData Mining and Warehousing
_c/ Anju Gautam
260 _aNew Delhi;
_bRandom Publications;
_c2019
300 _av; 264p.
_c24cm
942 _2lcc
_n0
_cBK
999 _c131
_d131